Tous les adversaires du LOSC en coupe d'Europe - Statistiques

Statistiques générales
  • Ce quiz a été pris 373 fois
    167 depuis la dernière actualisation
  • Le résultat moyen est 37 sur 87
Statistiques - réponses
Saison Compétition Tour Club % Correct
2024-2025 Ligue des Champions Ligue Real Madrid
97%
2001-2002 Coupe UEFA 1/8 ème Borussia Dortmund
91%
2024-2025 Ligue des Champions 1/8 ème Borussia Dortmund
91%
2024-2025 Ligue des Champions Ligue Atletico Madrid
86%
2024-2025 Ligue des Champions Ligue Liverpool
86%
2009-2010 Ligue Europa 1/8 ème Liverpool FC
86%
2019-2020 Ligue des Champions Poule Chelsea FC
84%
2021-2022 Ligue des Champions 1/8 ème Chelsea FC
84%
2024-2025 Ligue des Champions Ligue Juventus
84%
2001-2002 Ligue des Champions Poule Manchester United
74%
2005-2006 Ligue des Champions Poule Manchester United
74%
2006-2007 Ligue des Champions 1/8 ème Manchester United
74%
2024-2025 Ligue des Champions Ligue Sporting CP
74%
1950-1951 Coupe Latine Demi-finale Sporting Portugal
74%
2010-2011 Ligue Europa Poule Sporting Portugal
74%
2002 Coupe Intertoto Demi-finale Aston Villa
71%
2023-2024 Europa Conférence League 1/4 Aston Villa
71%
2012-2013 Ligue des Champions Poule Bayern Munich
68%
2004-2005 Coupe UEFA Poule FC Séville
68%
2005-2006 Coupe UEFA 1/8 ème FC Séville
68%
2021-2022 Ligue des Champions Poule Séville FC
68%
2024-2025 Ligue des Champions Ligue Feyenoord
67%
1950-1951 Coupe Latine Finale AC Milan
65%
2006-2007 Ligue des Champions Poule AC Milan
65%
2020-2021 Ligue Europa Poule AC Milan
65%
2019-2020 Ligue des Champions Poule Ajax Amsterdam
65%
2020-2021 Ligue Europa 1/16 ème Ajax Amsterdam
65%
2009-2010 Ligue Europa 1/16 ème Fenerbahçe
60%
2024-2025 Ligue des Champions Barrage Fenerbahçe
60%
2024-2025 Ligue des Champions Ligue Bologne
58%
2009-2010 Ligue Europa Poule Valence CF
58%
2012-2013 Ligue des Champions Poule Valence CF
58%
2019-2020 Ligue des Champions Poule Valence CF
58%
2005-2006 Ligue des Champions Poule Benfica Lisbonne
53%
2014-2015 Ligue des Champions Barrage FC Porto
51%
2009-2010 Ligue Europa Poule Slavia Prague
51%
2024-2025 Ligue des Champions Barrage Slavia Prague
51%
2023-2024 Europa Conférence League 1/8 ème Sturm Graz
51%
2024-2025 Ligue des Champions Ligue Sturm Graz
51%
2011-2012 Ligue des Champions Poule Inter Milan
50%
2021-2022 Ligue des Champions Poule RB Salzbourg
46%
2010-2011 Ligue Europa 1/16 ème PSV Eindhoven
45%
2014-2015 Ligue Europa Poule VfL Wolfsburg
45%
2021-2022 Ligue des Champions Poule VfL Wolfsburg
45%
2023-2024 Europa Conférence League Poule Slovan Bratislava
40%
2020-2021 Ligue Europa Poule Sparta Prague
39%
2020-2021 Ligue Europa Poule Celtic FC
35%
2011-2012 Ligue des Champions Poule CSKA Moscou
35%
2014-2015 Ligue Europa Poule Everton
34%
2006-2007 Ligue des Champions Poule RSC Anderlecht
33%
2005-2006 Ligue des Champions Poule Villarreal
29%
2001-2002 Coupe UEFA 1/16 ème AC Fiorentina
28%
2001-2002 Ligue des Champions Tour préliminaire Parme
28%
2023-2024 Europa Conférence League Poule Klaksvik
27%
2001-2002 Ligue des Champions Poule Olympiakos
27%
2012-2013 Ligue des Champions Barrage FC Copenhague
26%
2004-2005 Coupe UEFA 1/16 ème FC Bâle
25%
2023-2024 Europa Conférence League Barrage Rijeka
25%
2023-2024 Europa Conférence League Poule Olimpija Ljubljana
22%
2004-2005 Coupe UEFA Poule Zénith Saint-Pétersbourg
22%
2004-2005 Coupe UEFA Poule AEK Athènes
20%
2006-2007 Ligue des Champions Poule AEK Athènes
20%
2012-2013 Ligue des Champions Poule BATE Borissov
19%
2001-2002 Ligue des Champions Poule Deportivo La Corogne
18%
2002 Coupe Intertoto Finale VfB Stuttgart
17%
2014-2015 Ligue des Champions Tour préliminaire Grasshopper Zurich
16%
2004-2005 Coupe UEFA 1/8 ème AJ Auxerre
14%
2010-2011 Ligue Europa Poule La Gantoise
14%
2014-2015 Ligue Europa Poule FK Krasnodar
13%
2009-2010 Ligue Europa Tour préliminaire KRC Genk
13%
2005-2006 Coupe UEFA 1/16 ème Shakhtar Donetsk
12%
2011-2012 Ligue des Champions Poule Trabzonspor
12%
2009-2010 Ligue Europa Poule Genoa
11%
2010-2011 Ligue Europa Poule Levski Sofia
10%
2016-2017 Ligue Europa Tour préliminaire FK Qabala
8%
2004 Coupe Intertoto 3ème tour Dynamo Minsk
6%
2004 Coupe Intertoto Finale Uniao Leiria
5%
2004-2005 Coupe UEFA Poule Aix-la-Chapelle
4%
1967 Coupe Intertoto Poule FC Sion
4%
2006-2007 Ligue des Champions Tour préliminaire Rabotnički Skopje
4%
2009-2010 Ligue Europa Tour préliminaire Sevojno
4%
2004-2005 Coupe UEFA Premier tour Shelbourne
4%
2010-2011 Ligue Europa Tour préliminaire Vaslui
4%
2004 Coupe Intertoto Demi-finale Slaven Belupo
2%
2002 Coupe Intertoto 3ème tour Bistriţa
1%
1967 Coupe Intertoto Poule GVAV Groningue
1%
1967 Coupe Intertoto Poule R Beerschot AC
1%
Aucun quiz correspondant
Distribution des résultats
% des personnes avec chaque résultat
Percentile par nombre de réponses
Votre historique - résultats
Vous n’avez pas pris ce quiz depuis la dernière actualisation